| 000 | 00546nam a2200169 4500 | ||
|---|---|---|---|
| 001 | 139577 | ||
| 003 | ES-MaACL | ||
| 005 | 20230906195838.0 | ||
| 007 | t| | ||
| 008 | 070214s1969 sp r ||||1| spa d | ||
| 100 | 1 |
_aSchell, Stewart C. _9104286 |
|
| 245 | 1 | 0 |
_aManual de laboratorio en Parasitología / _cpor Stewart C. Schell ; traducción... A. Martínez Fernández. |
| 260 |
_aLeón : _bAcademia, _c1969. |
||
| 300 |
_a202 p., lám. : _bil. ; _c23 cm. |
||
| 700 | 1 |
_aMartínez Fernández, A. _978078 |
|
| 852 |
_aES-MaACL _jC-43350 _bR.80253 |
||
| 999 |
_c139577 _d139577 |
||